Gathering momentum in the City office market (Record no. 77183)

MARC details
000 -LEADER
fixed length control field 00747cab a2200193 4500
001 - CONTROL NUMBER
control field ##L133738
008 - FIXED-LENGTH DATA ELEMENTS--GENERAL INFORMATION
fixed length control field 060607n2006 000 0 eng u
035 ## - SYSTEM CONTROL NUMBER
System control number (Sirsi) u133738
041 0# - LANGUAGE CODE
Language code of text/sound track or separate title eng
100 1# - MAIN ENTRY--PERSONAL NAME
Personal name Holberton, Richard
245 00 - TITLE STATEMENT
Title Gathering momentum in the City office market
260 ## - PUBLICATION, DISTRIBUTION, ETC.
Date of publication, distribution, etc. 2006
490 #0 - SERIES STATEMENT
Series statement Property Forecast
Volume/sequential designation 9(5) May 2006, 12-13(2)
520 ## - SUMMARY, ETC.
Summary, etc. Looks at the improving situation in the City of London office market compared with the situation three years ago. The vacancy rate has almost halved to 8%, and gross take-up was more than 5m sq ft last year. Discusses the trend. Graphs.
590 ## - LOCAL NOTE (RLIN)
Local note IKA200606
651 #4 - SUBJECT ADDED ENTRY--GEOGRAPHIC NAME
Geographic name CITY OF LONDON
690 ## - LOCAL SUBJECT ADDED ENTRY--TOPICAL TERM (OCLC, RLIN)
Topical term or geographic name as entry element PROPERTY-COMMERCIAL PROPERTY-OFFICE PROPERTY
942 ## - ADDED ENTRY ELEMENTS (KOHA)
Suppress in OPAC 0
Holdings
Withdrawn status Lost status Source of classification or shelving scheme Damaged status Not for loan Home library Current library Shelving location Date acquired Total Checkouts Full call number Barcode Date last seen Copy number Price effective from Koha item type
    Dewey Decimal Classification     London London Journal article 07/06/2006   L133738 133738-1001 06/08/2019 1 06/08/2019 Journal article